Graniczące państwa według podpowiedzi #1 - Statystyki

Ogólne statystyki
  • Ten quiz został rozwiązany 4 821 razy
  • Średni wynik to 15 z 20
Statystyki odpowiedzi
Podpowiedź Państwo % Poprawnych
Tak wygląda jego flaga: Austria
98%
Jest to największe państwo na świecie. Rosja
95%
"Kowalski" to jego drugie najpopularniejsze nazwisko. Polska
94%
Jego stolica w oryginalnym języku to "Київ". Ukraina
94%
Broniła go Joanna d’Arc. Francja
90%
Płynie tam Żółta Rzeka. Chiny
88%
Jego "kręgosłup" tworzą Góry Apenińskie. Włochy
87%
30% jego populacji żyje w trybie koczowniczym albo półkoczowniczym. Mongolia
83%
Jest stworzone z 26 kantonów. Szwajcaria
83%
Jest najbardziej zaludnionym państwem, którego nazwa kończy się na "stan". Pakistan
80%
Ma "z" w swojej nazwie. Czechy
79%
Narendra Modi to jego premier. Indie
67%
Uważa się, że posiada broń jądrową. Izrael
65%
Znajduje się tam miasto Basra, dom legendarnego Sinbada. Irak
63%
Tam urodził się starożytny prorok - Zaratusztra. Iran
63%
W 2021 roku wróciła tam dyktatura wojskowa. Mjanma
60%
Większość jego terytorium leży w żyznej delcie rzeki. Bangladesz
58%
W latach 60. XX wieku zbudowano tam tamę Asuańską. Egipt
55%
Król Abdullah panuje tam od 1999 roku. Jordania
55%
Jednym z jego regionów jest Darfur. Sudan
52%
Nie znaleziono quizów pasujących do podanych kryteriów
Rozkład punktacji
Procent ludzi z każdym wynikiem
Percentyl według liczby udzielonych odpowiedzi
Twoja historia wyników
Nie rozwiązałeś tego quizu